[Event "7. Open de Sants Hostafrancs"]
[Site "Barcelona ESP"]
[Date "2005.08.27"]
[Round "1.1"]
[White "Nisipeanu, Liviu Dieter"]
[Black "Moratinos Izquierdo, Francisco"]
[Result "1-0"]
[WhiteElo "2679"]
[BlackElo "2045"]
[PlyCount "57"]
[EventDate "2005.08.27"]
[EventType "swiss"]
[EventRounds "10"]
[EventCountry "ESP"]
[Source "lmi"]
[SourceDate "2005.08.30"]

1. d4 Nf6 2. Nf3 e6 3. c4 d5 4. Nc3 Be7 5. Bg5 O-O 6. e3 b6 7. cxd5 Nxd5 8.
Bxe7 Nxe7 9. Bd3 h6 10. Be4 Nd5 11. Rc1 Bb7 12. Nxd5 Bxd5 13. Bxd5 Qxd5 14. a3
Na6 15. Qa4 Qb7 16. Qc6 Qxc6 17. Rxc6 Rac8 18. Ke2 Nb8 19. Rc3 c5 20. Rhc1 Nd7
21. b4 Rc7 22. dxc5 bxc5 23. bxc5 Rfc8 24. c6 Nb8 25. Nd4 Kf8 26. f4 Ke7 27.
Nb5 Rxc6 28. Nxa7 R6c7 29. Ke1 1-0

[Event "7. Open de Sants Hostafrancs"]
[Site "Barcelona ESP"]
[Date "2005.08.27"]
[Round "1.2"]
[White "Sanz Bastos, Fernando"]
[Black "Parligras, Mircea"]
[Result "0-1"]
[WhiteElo "2043"]
[BlackElo "2571"]
[PlyCount "60"]
[EventDate "2005.08.27"]
[EventType "swiss"]
[EventRounds "10"]
[EventCountry "ESP"]
[Source "lmi"]
[SourceDate "2005.08.30"]

1. e4 c5 2. g3 d5 3. Nc3 d4 4. Nce2 e5 5. d3 Nc6 6. Bg2 Be6 7. f4 f6 8. f5 Bf7
9. Nf3 c4 10. O-O Bc5 11. Kh1 Nge7 12. g4 g5 13. Ng3 Qd6 14. Nd2 cxd3 15. cxd3
Nb4 16. Nb3 Rc8 17. a3 Na6 18. Na5 Bb6 19. Nxb7 Qd7 20. Nd6+ Qxd6 21. Qa4+ Qd7
22. Qxa6 Rc2 23. Bxg5 fxg5 24. f6 Ng6 25. Nf5 O-O 26. Nh6+ Kh8 27. Rf5 Be6 28.
Rxg5 Rxf6 29. Nf5 Qc6 30. Rg1 Bc8 0-1

[Event "7. Open de Sants Hostafrancs"]
[Site "Barcelona ESP"]
[Date "2005.08.27"]
[Round "1.3"]
[White "Al Modiahki, Mohamad"]
[Black "Porras Mateo, Felipe"]
[Result "1-0"]
[WhiteElo "2570"]
[BlackElo "2043"]
[PlyCount "49"]
[EventDate "2005.08.27"]
[EventType "swiss"]
[EventRounds "10"]
[EventCountry "ESP"]
[Source "lmi"]
[SourceDate "2005.08.30"]

1. e4 c5 2. Nf3 e6 3. d4 cxd4 4. Nxd4 a6 5. Bd3 Nf6 6. O-O d6 7. c4 Nbd7 8. Nc3
Qc7 9. Be3 Ne5 10. Be2 Be7 11. Rc1 Qb8 12. f4 Nc6 13. Nxc6 bxc6 14. Bf3 Bb7 15.
c5 d5 16. e5 Nd7 17. Na4 O-O 18. Bd4 Bc8 19. Bg4 a5 20. Re1 g6 21. Rc3 Qc7 22.
Qd2 Ba6 23. f5 gxf5 24. Bxf5 exf5 25. Qh6 1-0

[Event "7. Open de Sants Hostafrancs"]
[Site "Barcelona ESP"]
[Date "2005.08.27"]
[Round "1.4"]
[White "Amor Alcaide, Manuel"]
[Black "Peralta, Fernando"]
[Result "0-1"]
[WhiteElo "2042"]
[BlackElo "2553"]
[PlyCount "58"]
[EventDate "2005.08.27"]
[EventType "swiss"]
[EventRounds "10"]
[EventCountry "ESP"]
[Source "lmi"]
[SourceDate "2005.08.30"]

1. c4 c6 2. d4 d5 3. e3 Bf5 4. Nf3 e6 5. Nc3 Nd7 6. Bd2 Bd6 7. b3 h6 8. Qc1
Ngf6 9. Be2 Qe7 10. c5 Bc7 11. b4 e5 12. O-O e4 13. Nh4 Be6 14. g3 Bh3 15. Ng2
h5 16. Re1 h4 17. Nf4 Bf5 18. Bf1 g5 19. Nfe2 Qf8 20. Bg2 Qh6 21. Kf1 Ng4 22.
Ng1 Nxh2+ 23. Ke2 Qh5+ 24. f3 Bxg3 25. Rf1 h3 26. Bh1 Nxf1 27. Kxf1 h2 28. Nge2
Qh3+ 29. Bg2 Qh7 0-1

[Event "7. Open de Sants Hostafrancs"]
[Site "Barcelona ESP"]
[Date "2005.08.27"]
[Round "1.5"]
[White "Marin, Mihail"]
[Black "Mayo Casadermot, Marti"]
[Result "1-0"]
[WhiteElo "2537"]
[BlackElo "2041"]
[PlyCount "70"]
[EventDate "2005.08.27"]
[EventType "swiss"]
[EventRounds "10"]
[EventCountry "ESP"]
[Source "lmi"]
[SourceDate "2005.08.30"]

1. c4 e6 2. Nf3 d5 3. d4 c6 4. g3 f5 5. Bg2 Nf6 6. O-O Bd6 7. b3 Qe7 8. Bb2
Nbd7 9. Qc1 O-O 10. Ba3 Bxa3 11. Qxa3 Qxa3 12. Nxa3 Ne4 13. Rfc1 Ndf6 14. Ne5
Bd7 15. Nc2 Rfc8 16. Ne1 Kf8 17. N1d3 Ke7 18. f3 Nd6 19. Rc2 Be8 20. Re1 a5 21.
a4 g5 22. Kf2 g4 23. h3 h5 24. Rh1 Bd7 25. Ng6+ Kf7 26. Nde5+ Kg7 27. Nf4 Re8
28. Nxh5+ Nxh5 29. hxg4 Nf6 30. g5 Red8 31. gxf6+ Kxf6 32. Rh6+ Kg7 33. Rg6+
Kf8 34. cxd5 cxd5 35. Rc7 Bc8 1-0

[Event "7. Open de Sants Hostafrancs"]
[Site "Barcelona ESP"]
[Date "2005.08.27"]
[Round "1.6"]
[White "Sanahuja Palomo, Alex"]
[Black "Moskalenko, Viktor"]
[Result "0-1"]
[WhiteElo "2041"]
[BlackElo "2534"]
[PlyCount "37"]
[EventDate "2005.08.27"]
[EventType "swiss"]
[EventRounds "10"]
[EventCountry "ESP"]
[Source "lmi"]
[SourceDate "2005.08.30"]

1. e4 e6 2. d4 d5 3. Nc3 Nf6 4. Bg5 dxe4 5. Nxe4 Be7 6. Bxf6 gxf6 7. Nf3 a6 8.
Qd2 b6 9. Qh6 Bb7 10. Qg7 Rf8 11. Bd3 Nd7 12. O-O-O c5 13. dxc5 bxc5 14. Qg3
Qb8 15. Qxb8+ Rxb8 16. Rhe1 Nb6 17. Nfd2 Rg8 18. g3 f5 19. Nc3 0-1

[Event "7. Open de Sants Hostafrancs"]
[Site "Barcelona ESP"]
[Date "2005.08.27"]
[Round "1.7"]
[White "Ouadi, Wahbi"]
[Black "Diaz Lopez, Pedro"]
[Result "0-1"]
[WhiteElo "2029"]
[BlackElo "2040"]
[PlyCount "116"]
[EventDate "2005.08.27"]
[EventType "swiss"]
[EventRounds "10"]
[EventCountry "ESP"]
[Source "lmi"]
[SourceDate "2005.08.30"]

1. d4 Nf6 2. c4 g6 3. Nc3 Bg7 4. e4 d6 5. Bd3 O-O 6. Nge2 Nc6 7. O-O e5 8. Bg5
Nxd4 9. f4 c6 10. Nxd4 Qb6 11. Nce2 exd4 12. f5 Nxe4 13. Bxe4 d3+ 14. Kh1 dxe2
15. Qxe2 d5 16. f6 Bh8 17. cxd5 cxd5 18. Bxd5 Bd7 19. Qe7 Bc6 20. Bxc6 bxc6 21.
b3 Rfe8 22. Qd7 Rad8 23. Qh3 Qb5 24. Qh4 Re2 25. Rae1 Rde8 26. Rxe2 Qxe2 27.
Qf4 Qxa2 28. Qf3 Qe2 29. Qxe2 Rxe2 30. Rd1 Re8 31. h3 h6 32. Bxh6 Bxf6 33. Rc1
Re6 34. Rc4 Re1+ 35. Kh2 Be5+ 36. g3 Re2+ 37. Kg1 Rb2 38. b4 Rb3 39. Rxc6 Rxg3+
40. Kf2 Rxh3 41. Be3 Rh4 42. Bc5 Kg7 43. Ke3 g5 44. Ra6 g4 45. Rxa7 g3 46. Kf3
Rc4 47. Ra2 Kg6 48. Be7 Kf5 49. b5 Rc3+ 50. Kg2 Rb3 51. Bh4 Kg4 52. Ra4+ Bf4
53. b6 Rb2+ 54. Kf1 Kf3 55. Ra3+ Be3 56. Rxe3+ Kxe3 57. Bxg3 f5 58. Bd6 Kf3 0-1

[Event "7. Open de Sants Hostafrancs"]
[Site "Barcelona ESP"]
[Date "2005.08.27"]
[Round "1.8"]
[White "Balague Canadell, Jordi"]
[Black "Levin, Felix"]
[Result "0-1"]
[WhiteElo "2039"]
[BlackElo "2501"]
[PlyCount "56"]
[EventDate "2005.08.27"]
[EventType "swiss"]
[EventRounds "10"]
[EventCountry "ESP"]
[Source "lmi"]
[SourceDate "2005.08.30"]

1. d4 d5 2. c4 dxc4 3. e3 Nf6 4. Bxc4 e6 5. Nf3 a6 6. O-O Nbd7 7. Qe2 b5 8. Bb3
Bb7 9. Rd1 c5 10. Nc3 Qb8 11. d5 exd5 12. Nxd5 Bxd5 13. Bxd5 Nxd5 14. Rxd5 Qb7
15. e4 Be7 16. Bg5 Nb6 17. Rad1 f6 18. Bf4 O-O 19. R5d2 Rfe8 20. e5 Bf8 21. e6
Rac8 22. Nh4 Rc6 23. Bd6 g6 24. Qg4 Bg7 25. e7 Qc8 26. Qxc8 Nxc8 27. Bxc5 Rxc5
28. Rd8 Kf7 0-1

[Event "7. Open de Sants Hostafrancs"]
[Site "Barcelona ESP"]
[Date "2005.08.27"]
[Round "1.9"]
[White "Megaranto, Susanto"]
[Black "Rios Torondell, Jaume"]
[Result "1-0"]
[WhiteElo "2499"]
[BlackElo "2037"]
[PlyCount "57"]
[EventDate "2005.08.27"]
[EventType "swiss"]
[EventRounds "10"]
[EventCountry "ESP"]
[Source "lmi"]
[SourceDate "2005.08.30"]

1. e4 e6 2. d4 d5 3. Nc3 Bb4 4. e5 c5 5. a3 Ba5 6. b4 cxd4 7. Nb5 Bc7 8. f4 Ne7
9. Nf3 Bd7 10. Nxc7+ Qxc7 11. Bd3 Nbc6 12. O-O h6 13. Bb2 O-O-O 14. Qd2 Nf5 15.
Bxf5 exf5 16. a4 Be6 17. a5 g5 18. b5 g4 19. Ne1 Nb8 20. Bxd4 Qc4 21. Bxa7 Qxb5
22. Nd3 Na6 23. Rfb1 Qc4 24. Nb2 Qb4 25. c3 Qe7 26. Na4 h5 27. Qd4 Bd7 28. Nb6+
Kc7 29. Nxd5+ 1-0

[Event "7. Open de Sants Hostafrancs"]
[Site "Barcelona ESP"]
[Date "2005.08.27"]
[Round "1.10"]
[White "Campos Cayuelas, Marc"]
[Black "Gonzalez, Yuri"]
[Result "0-1"]
[WhiteElo "2037"]
[BlackElo "2495"]
[PlyCount "34"]
[EventDate "2005.08.27"]
[EventType "swiss"]
[EventRounds "10"]
[EventCountry "ESP"]
[Source "lmi"]
[SourceDate "2005.08.30"]

1. d4 Nf6 2. Nc3 d5 3. Bg5 Nbd7 4. f3 h6 5. Bh4 e6 6. e4 Be7 7. e5 Ng8 8. Bxe7
Nxe7 9. Bd3 a6 10. f4 c5 11. Qg4 cxd4 12. Nce2 Qa5+ 13. Kf1 g6 14. Nxd4 Qb4 15.
Nb3 Nxe5 16. Qg3 Nxd3 17. cxd3 Bd7 0-1

[Event "7. Open de Sants Hostafrancs"]
[Site "Barcelona ESP"]
[Date "2005.08.27"]
[Round "1.12"]
[White "Peñas Hernandez, Yolanda"]
[Black "Grigore, George Gabriel"]
[Result "0-1"]
[WhiteElo "2034"]
[BlackElo "2479"]
[PlyCount "70"]
[EventDate "2005.08.27"]
[EventType "swiss"]
[EventRounds "10"]
[EventCountry "ESP"]
[Source "lmi"]
[SourceDate "2005.08.30"]

1. e4 c5 2. Nf3 Nc6 3. d4 cxd4 4. Nxd4 e5 5. Nb5 d6 6. N1c3 a6 7. Na3 Be6 8.
Be2 Be7 9. Nc4 Nf6 10. Bg5 Nd4 11. Bxf6 Bxf6 12. Ne3 Rc8 13. Bd3 Bg5 14. Ncd5
O-O 15. O-O g6 16. c3 Nc6 17. Be2 Kh8 18. g3 f5 19. exf5 gxf5 20. f4 Bh6 21.
Qd2 Ne7 22. Nxe7 Qxe7 23. Nd5 Bxd5 24. Qxd5 exf4 25. Rae1 fxg3 26. hxg3 Rc5 27.
Qd3 Re5 28. Rf3 Re4 29. Kf2 Qe5 30. Rh1 Bg5 31. Rd1 f4 32. gxf4 Bh4+ 33. Kf1
Rexf4 34. b3 Rxf3+ 35. Bxf3 Qf4 0-1

[Event "7. Open de Sants Hostafrancs"]
[Site "Barcelona ESP"]
[Date "2005.08.27"]
[Round "1.13"]
[White "Gonzalez Garcia, Jose"]
[Black "Kruijf, Caspar"]
[Result "1-0"]
[WhiteElo "2478"]
[BlackElo "2034"]
[PlyCount "53"]
[EventDate "2005.08.27"]
[EventType "swiss"]
[EventRounds "10"]
[EventCountry "ESP"]
[Source "lmi"]
[SourceDate "2005.08.30"]

1. Nf3 d5 2. d4 Nf6 3. c4 dxc4 4. e3 Bg4 5. Bxc4 e6 6. Nc3 a6 7. h3 Bh5 8. O-O
c5 9. g4 Bg6 10. Ne5 Nbd7 11. f4 Nxe5 12. dxe5 Qxd1 13. Rxd1 Ne4 14. Bf1 Nxc3
15. bxc3 Be4 16. a4 Be7 17. Bg2 Bxg2 18. Kxg2 Rd8 19. Ba3 Rc8 20. Rab1 Rc7 21.
Rb6 c4 22. Bd6 Rd7 23. Rdb1 Bxd6 24. exd6 O-O 25. e4 f6 26. e5 fxe5 27. fxe5
1-0

[Event "7. Open de Sants Hostafrancs"]
[Site "Barcelona ESP"]
[Date "2005.08.27"]
[Round "1.14"]
[White "Farnault, Eric"]
[Black "Al Sayed, Mohamad Naser"]
[Result "0-1"]
[WhiteElo "2033"]
[BlackElo "2478"]
[PlyCount "78"]
[EventDate "2005.08.27"]
[EventType "swiss"]
[EventRounds "10"]
[EventCountry "ESP"]
[Source "lmi"]
[SourceDate "2005.08.30"]

1. e4 c5 2. Nf3 Nc6 3. d4 cxd4 4. Nxd4 Nf6 5. Nc3 e5 6. Ndb5 d6 7. Bg5 a6 8.
Na3 b5 9. Bxf6 gxf6 10. Nd5 f5 11. Bxb5 axb5 12. Nxb5 Ra4 13. Nbc7+ Kd7 14. O-O
Qg5 15. c4 Rxc4 16. Nb6+ Kxc7 17. Nxc4 Nd4 18. f4 Qg4 19. Qxg4 fxg4 20. fxe5
Be6 21. exd6+ Bxd6 22. Nxd6 Kxd6 23. a4 Nb3 24. Ra3 Ra8 25. e5+ Kc5 26. Rf6 Kc4
27. Rf4+ Kd3 28. Rf2 Ra5 29. h3 h5 30. hxg4 hxg4 31. Rf6 Kc2 32. Rf2+ Kb1 33.
Kh2 Rxe5 34. a5 Re3 35. g3 Bd5 36. a6 Re1 37. Rg2 Nd2 38. Rd3 Nf3+ 39. Rxf3
gxf3 0-1

[Event "7. Open de Sants Hostafrancs"]
[Site "Barcelona ESP"]
[Date "2005.08.27"]
[Round "1.15"]
[White "Narciso Dublan, Marc"]
[Black "Surre, Frederic"]
[Result "1-0"]
[WhiteElo "2476"]
[BlackElo "2032"]
[PlyCount "61"]
[EventDate "2005.08.27"]
[EventType "swiss"]
[EventRounds "10"]
[EventCountry "ESP"]
[Source "lmi"]
[SourceDate "2005.08.30"]

1. d4 Nf6 2. c4 g6 3. Nc3 Bg7 4. e4 d6 5. f3 O-O 6. Be3 c5 7. Nge2 Nc6 8. d5
Ne5 9. Ng3 h5 10. Be2 Nh7 11. Qd2 h4 12. Nf1 f5 13. f4 Nf7 14. exf5 Bxf5 15. g4
hxg3 16. Nxg3 Nh6 17. Rg1 Nf6 18. Nxf5 gxf5 19. O-O-O Kh7 20. Rg5 Nfg4 21. Rg1
Bf6 22. Bd3 Bxg5 23. fxg5 Ne5 24. gxh6 Nxd3+ 25. Qxd3 Rg8 26. Qxf5+ Kh8 27. Bg5
Qf8 28. Rf1 Qxf5 29. Rxf5 Raf8 30. Rxf8 Rxf8 31. Bxe7 1-0

[Event "7. Open de Sants Hostafrancs"]
[Site "Barcelona ESP"]
[Date "2005.08.27"]
[Round "1.16"]
[White "Gallego Montes, Antoni"]
[Black "Borges Mateos, Juan"]
[Result "0-1"]
[WhiteElo "2031"]
[BlackElo "2467"]
[PlyCount "74"]
[EventDate "2005.08.27"]
[EventType "swiss"]
[EventRounds "10"]
[EventCountry "ESP"]
[Source "lmi"]
[SourceDate "2005.08.30"]

1. e4 c5 2. Nf3 e6 3. c3 d5 4. exd5 Qxd5 5. d4 cxd4 6. cxd4 Nf6 7. Nc3 Qd8 8.
Bg5 Be7 9. Qb3 O-O 10. Rd1 Nc6 11. Bd3 b6 12. O-O Bb7 13. a3 Na5 14. Qc2 Bxf3
15. gxf3 Rc8 16. Qe2 Nd5 17. Qe4 g6 18. Bh6 Re8 19. Nxd5 exd5 20. Qf4 Bd6 21.
Qg5 Nc4 22. Qxd8 Rexd8 23. Bc1 a5 24. a4 Bb4 25. b3 Nd6 26. Be3 Re8 27. Rc1 Ba3
28. Rxc8 Rxc8 29. Bd2 Bb4 30. Rd1 Bxd2 31. Rxd2 Rc3 32. Bc2 Rxf3 33. Kg2 Rc3
34. f3 Ne8 35. Kf2 Nc7 36. Bd1 Ne6 37. Kg3 Kg7 0-1

[Event "7. Open de Sants Hostafrancs"]
[Site "Barcelona ESP"]
[Date "2005.08.27"]
[Round "1.17"]
[White "Almeida, Omar"]
[Black "Garrido Figuerola, Josep"]
[Result "1-0"]
[WhiteElo "2462"]
[BlackElo "2030"]
[PlyCount "60"]
[EventDate "2005.08.27"]
[EventType "swiss"]
[EventRounds "10"]
[EventCountry "ESP"]
[Source "lmi"]
[SourceDate "2005.08.30"]

1. d4 d5 2. Nf3 Nf6 3. c4 c6 4. Nc3 e6 5. Bg5 Nbd7 6. cxd5 exd5 7. e3 Bd6 8.
Bd3 h6 9. Bh4 O-O 10. Qc2 Re8 11. Bg3 Qe7 12. Nh4 Nf8 13. O-O-O b5 14. Bf5 Ne6
15. Bh3 Qf8 16. Kb1 a5 17. Nf3 Bd7 18. Ne5 a4 19. Bh4 Bxe5 20. dxe5 Nh5 21. Ne4
Qb4 22. Bxe6 Bxe6 23. Rd4 Qf8 24. Nd6 Reb8 25. Qxc6 b4 26. f4 g5 27. Bg3 Qg7
28. f5 Bc8 29. Rxd5 Ra6 30. Qe8+ Qf8 1-0

[Event "7. Open de Sants Hostafrancs"]
[Site "Barcelona ESP"]
[Date "2005.08.27"]
[Round "1.18"]
[White "Martinez Garcia, Lluis"]
[Black "Handke, Florian"]
[Result "0-1"]
[WhiteElo "2027"]
[BlackElo "2460"]
[PlyCount "61"]
[EventDate "2005.08.27"]
[EventType "swiss"]
[EventRounds "10"]
[EventCountry "ESP"]
[Source "lmi"]
[SourceDate "2005.08.30"]

1. e4 c5 2. Nf3 e6 3. d4 cxd4 4. Nxd4 a6 5. Nc3 Qc7 6. Bd3 Bc5 7. Nb3 Be7 8. f4
b5 9. a3 Bb7 10. Be3 d6 11. Qd2 Nf6 12. h3 Nbd7 13. O-O-O Nb6 14. Bxb5+ axb5
15. Nxb5 Qc6 16. Nxd6+ Bxd6 17. Qxd6 Qxd6 18. Rxd6 Nc4 19. Rd3 Bxe4 20. Rc3
Bxg2 21. Rh2 Nxe3 22. Rxe3 Nd5 23. Rg3 Be4 24. Rxg7 Bg6 25. c4 Nxf4 26. c5 Kf8
27. Rxg6 hxg6 28. h4 f5 29. c6 Rxh4 30. Rd2 Rc8 31. Na5 0-1

[Event "7. Open de Sants Hostafrancs"]
[Site "Barcelona ESP"]
[Date "2005.08.27"]
[Round "1.19"]
[White "Fluvia Poyatos, Joan"]
[Black "Villalta Bustillo, Igor"]
[Result "1-0"]
[WhiteElo "2458"]
[BlackElo "2026"]
[PlyCount "71"]
[EventDate "2005.08.27"]
[EventType "swiss"]
[EventRounds "10"]
[EventCountry "ESP"]
[Source "lmi"]
[SourceDate "2005.08.30"]

1. e4 e5 2. Nf3 Nf6 3. Qe2 Nc6 4. c3 d6 5. h3 Qe7 6. d3 g6 7. g3 Bg7 8. Bg2 O-O
9. O-O Rd8 10. b4 h6 11. Nbd2 d5 12. Bb2 d4 13. cxd4 Nxd4 14. Nxd4 exd4 15. a3
a5 16. bxa5 Nd5 17. Nb3 Nc3 18. Qc2 Ra6 19. f4 Na4 20. Rac1 Nxb2 21. Qxb2 Bf8
22. a4 g5 23. Qf2 Bg7 24. Kh1 gxf4 25. gxf4 Qa3 26. Rb1 Rg6 27. f5 Rc6 28. e5
Rc3 29. f6 Be6 30. Qg3 Qf8 31. Nc1 Rc2 32. Bxb7 Rb8 33. a6 Bd5+ 34. Bxd5 Rxb1
35. fxg7 Qe8 36. Rxf7 1-0

[Event "7. Open de Sants Hostafrancs"]
[Site "Barcelona ESP"]
[Date "2005.08.27"]
[Round "1.20"]
[White "Lyell, Meri"]
[Black "Fluvia Poyatos, Jordi"]
[Result "0-1"]
[WhiteElo "2025"]
[BlackElo "2443"]
[PlyCount "96"]
[EventDate "2005.08.27"]
[EventType "swiss"]
[EventRounds "10"]
[EventCountry "ESP"]
[Source "lmi"]
[SourceDate "2005.08.30"]

1. e4 e6 2. d4 d5 3. exd5 exd5 4. Nf3 Nf6 5. Bd3 c5 6. c4 cxd4 7. Nxd4 Nc6 8.
Qe2+ Be7 9. Nf5 Bxf5 10. Bxf5 dxc4 11. O-O Nd4 12. Qe5 O-O 13. Be3 Nxf5 14.
Qxf5 Qd5 15. Qh3 Ne4 16. Nc3 Nxc3 17. bxc3 Qd3 18. Rad1 Qxc3 19. Qd7 Bf6 20.
Qxb7 Qa5 21. Rd7 Rfb8 22. Qc6 Qb5 23. Qxb5 Rxb5 24. Bxa7 c3 25. a4 Rb4 26. Rc7
Rxa4 27. Be3 h6 28. g3 Rb8 29. Kg2 Raa8 30. Rc1 Rc8 31. Rxc8+ Rxc8 32. Rc2 Kf8
33. Kf3 Ke7 34. Ke4 Kd6 35. f4 Rc4+ 36. Kd3 Ra4 37. g4 Kd5 38. h3 Ra1 39. Bc1
Bd4 40. h4 g6 41. h5 gxh5 42. gxh5 f5 43. Be3 Bxe3 44. Kxe3 Kc4 45. Rg2 Re1+
46. Kf3 Kb3 47. Rg6 c2 48. Rb6+ Ka4 0-1

[Event "7. Open de Sants Hostafrancs"]
[Site "Barcelona ESP"]
[Date "2005.08.28"]
[Round "2.1"]
[White "Samak, Alexander"]
[Black "Nisipeanu, Liviu Dieter"]
[Result "0-1"]
[WhiteElo "2160"]
[BlackElo "2679"]
[PlyCount "74"]
[EventDate "2005.08.27"]
[EventType "swiss"]
[EventRounds "10"]
[EventCountry "ESP"]
[Source "lmi"]
[SourceDate "2005.08.30"]

1. e4 e5 2. Nc3 d6 3. Bc4 Nf6 4. d3 Nc6 5. f4 Na5 6. Nf3 Nxc4 7. dxc4 exf4 8.
Bxf4 Be7 9. Qd3 O-O 10. O-O-O Be6 11. Nd4 Nd7 12. Nd5 Bf6 13. Nf5 Bxd5 14. exd5
Ne5 15. Qb3 Qd7 16. Ng3 Ng6 17. Be3 Be5 18. Bd4 Qg4 19. Qd3 Rae8 20. Kb1 Qxd4
21. Qxd4 Bxd4 22. Rxd4 f5 23. Rhd1 Re5 24. b4 f4 25. Nf1 Re2 26. R4d2 Re4 27.
Rd4 Rfe8 28. Kc1 Rxd4 29. Rxd4 Re1+ 30. Rd1 Re2 31. Rd2 Re4 32. c3 Rxc4 33. Kc2
Re4 34. Rf2 b5 35. Kd3 Re1 36. Nd2 Re3+ 37. Kc2 Re5 0-1

[Event "7. Open de Sants Hostafrancs"]
[Site "Barcelona ESP"]
[Date "2005.08.28"]
[Round "2.2"]
[White "Parligras, Mircea"]
[Black "Alonso Rosell, Alvar"]
[Result "1-0"]
[WhiteElo "2571"]
[BlackElo "2156"]
[PlyCount "91"]
[EventDate "2005.08.27"]
[EventType "swiss"]
[EventRounds "10"]
[EventCountry "ESP"]
[Source "lmi"]
[SourceDate "2005.08.30"]

1. e4 c5 2. Nf3 d6 3. d4 cxd4 4. Nxd4 Nf6 5. Nc3 a6 6. Be3 e5 7. Nb3 Be6 8. f4
Ng4 9. Bd2 exf4 10. Bxf4 Nc6 11. Qd2 Be7 12. O-O-O Nge5 13. Kb1 O-O 14. h3 Re8
15. g4 Rc8 16. Nd5 Bf8 17. Be2 Bxd5 18. exd5 Nb8 19. h4 Nc4 20. Bxc4 Rxc4 21.
g5 Nd7 22. h5 Ree4 23. Be3 Qe7 24. Rh3 Rh4 25. Rdh1 Rxh3 26. Rxh3 Rg4 27. Qd1
Qe4 28. Bc1 Qg2 29. Rc3 Nb6 30. Rc7 Rc4 31. Rxb7 Nxd5 32. Qd3 Rc8 33. Rxf7 Nb4
34. Qf5 Qxc2+ 35. Qxc2 Nxc2 36. Ra7 Nb4 37. Bd2 d5 38. Bc3 Rd8 39. Nd4 Re8 40.
Nf5 d4 41. Nxd4 Nd5 42. Rxa6 Nxc3+ 43. bxc3 Re1+ 44. Kc2 Rh1 45. Ra8 Kf7 46.
g6+ 1-0

[Event "7. Open de Sants Hostafrancs"]
[Site "Barcelona ESP"]
[Date "2005.08.28"]
[Round "2.3"]
[White "Severri Arrese, Carlos"]
[Black "Al Modiahki, Mohamad"]
[Result "0-1"]
[WhiteElo "2150"]
[BlackElo "2570"]
[PlyCount "76"]
[EventDate "2005.08.27"]
[EventType "swiss"]
[EventRounds "10"]
[EventCountry "ESP"]
[Source "lmi"]
[SourceDate "2005.08.30"]

1. e4 c5 2. Nf3 e6 3. b3 b6 4. Bb2 Bb7 5. d3 d6 6. a4 Nf6 7. Nbd2 Be7 8. g4 h6
9. Rg1 Nc6 10. Rg3 Qc7 11. Nc4 d5 12. exd5 exd5 13. Ne3 d4 14. Nf5 O-O-O 15.
Nxe7+ Nxe7 16. Be2 Ng6 17. Qd2 Nf4 18. O-O-O Nxe2+ 19. Qxe2 Rhe8 20. Qf1 Nxg4
21. Kb1 f5 22. Nh4 Qf7 23. h3 g5 24. Nxf5 Nh2 25. Nxh6 Qh5 26. Qg1 Nf3 27. Rxf3
Bxf3 28. Ng4 Qxh3 29. Nf6 Re6 30. Ne4 Bxd1 31. Qxd1 Rd5 32. Bc1 g4 33. Bf4 Qf3
34. Qxf3 gxf3 35. Kc1 Rd7 36. Kd1 Rde7 37. Ng3 Re1+ 38. Kd2 R7e2+ 0-1

[Event "7. Open de Sants Hostafrancs"]
[Site "Barcelona ESP"]
[Date "2005.08.28"]
[Round "2.4"]
[White "Peralta, Fernando"]
[Black "Vigo Allepuz, David"]
[Result "1-0"]
[WhiteElo "2553"]
[BlackElo "2133"]
[PlyCount "45"]
[EventDate "2005.08.27"]
[EventType "swiss"]
[EventRounds "10"]
[EventCountry "ESP"]
[Source "lmi"]
[SourceDate "2005.08.30"]

1. Nf3 f5 2. c4 Nf6 3. g3 e6 4. Bg2 d5 5. O-O c6 6. Nc3 Bd6 7. d3 O-O 8. e4 Bb4
9. exd5 Bxc3 10. bxc3 exd5 11. cxd5 cxd5 12. Re1 Nc6 13. Qb3 Na5 14. Qa3 Nc6
15. Rb1 b6 16. Bf4 Bb7 17. Ne5 Re8 18. Nxc6 Bxc6 19. Be5 Ne4 20. dxe4 Rxe5 21.
exd5 Rxd5 22. Bxd5+ Qxd5 23. Qb3 1-0

[Event "7. Open de Sants Hostafrancs"]
[Site "Barcelona ESP"]
[Date "2005.08.28"]
[Round "2.5"]
[White "Kulic, Sasa"]
[Black "Marin, Mihail"]
[Result "0-1"]
[WhiteElo "2133"]
[BlackElo "2537"]
[PlyCount "92"]
[EventDate "2005.08.27"]
[EventType "swiss"]
[EventRounds "10"]
[EventCountry "ESP"]
[Source "lmi"]
[SourceDate "2005.08.30"]

1. e4 e5 2. Nf3 Nc6 3. d4 exd4 4. Nxd4 d6 5. Bb5 Bd7 6. Nc3 Nf6 7. O-O Be7 8.
Re1 O-O 9. h3 Nxd4 10. Qxd4 Bxb5 11. Nxb5 Nd7 12. Qc4 a6 13. Nc3 b5 14. Qe2 Re8
15. Bf4 Bf6 16. Qd2 Nb6 17. Rab1 Nc4 18. Qd3 Re6 19. b3 Ne5 20. Qd2 c6 21. Rbd1
Ng6 22. Bg3 Qb6 23. Kh1 Qc5 24. Nb1 d5 25. exd5 cxd5 26. Rxe6 fxe6 27. Qe2 Re8
28. f4 Qc6 29. Re1 Nh4 30. Qd3 Nf5 31. Bf2 Qc7 32. Qd2 Nd6 33. Qd3 Ne4 34. Be3
Rc8 35. a4 Qxc2 36. Qxc2 Rxc2 37. axb5 axb5 38. Na3 Rc3 39. Nxb5 Rxb3 40. Nd4
Rxe3 41. Rxe3 Bxd4 42. Rb3 h5 43. g4 hxg4 44. hxg4 Nf2+ 45. Kg2 Nxg4 46. Kf3
Nh6 0-1

[Event "7. Open de Sants Hostafrancs"]
[Site "Barcelona ESP"]
[Date "2005.08.28"]
[Round "2.6"]
[White "Moskalenko, Viktor"]
[Black "Kuznetsova, Elena"]
[Result "1-0"]
[WhiteElo "2534"]
[BlackElo "2132"]
[PlyCount "49"]
[EventDate "2005.08.27"]
[EventType "swiss"]
[EventRounds "10"]
[EventCountry "ESP"]
[Source "lmi"]
[SourceDate "2005.08.30"]

1. d4 d5 2. c4 e6 3. Nc3 c6 4. e3 Nf6 5. Nf3 Nbd7 6. Bd3 dxc4 7. Bxc4 b5 8. Bd3
b4 9. Ne4 Nxe4 10. Bxe4 Bb7 11. b3 Bd6 12. Bb2 O-O 13. Nd2 f5 14. Nc4 Bc7 15.
Bf3 Rb8 16. O-O Qe7 17. a3 c5 18. Bxb7 Rxb7 19. d5 Qf7 20. d6 Bd8 21. Qf3 Rb8
22. axb4 Rxb4 23. Rxa7 Rxb3 24. Qc6 Nb8 25. Rxf7 1-0

[Event "7. Open de Sants Hostafrancs"]
[Site "Barcelona ESP"]
[Date "2005.08.28"]
[Round "2.7"]
[White "Levin, Felix"]
[Black "Ayala Abenza, Jose Luis"]
[Result "1-0"]
[WhiteElo "2501"]
[BlackElo "2130"]
[PlyCount "65"]
[EventDate "2005.08.27"]
[EventType "swiss"]
[EventRounds "10"]
[EventCountry "ESP"]
[Source "lmi"]
[SourceDate "2005.08.30"]

1. d4 e6 2. Nf3 Nf6 3. c4 d5 4. Nc3 c6 5. e3 Nbd7 6. Qc2 a6 7. b3 Bd6 8. Be2
O-O 9. O-O b5 10. e4 dxe4 11. Nxe4 Nxe4 12. Qxe4 Bb7 13. c5 Be7 14. Bd3 g6 15.
Bh6 Re8 16. Rad1 Nf6 17. Qh4 Nd5 18. Bg5 Bxg5 19. Nxg5 Nf6 20. Rfe1 Kg7 21. Re3
h5 22. Rf3 Rf8 23. Re1 Bc8 24. Nxf7 Rxf7 25. Rg3 Kf8 26. Bxg6 Rg7 27. Re4 e5
28. h3 Be6 29. dxe5 Nd5 30. Qxh5 Kg8 31. Rh4 Kf8 32. Qh8+ Rg8 33. Rf3+ 1-0